| 000 | 00688cam a22002411 4500 | ||
|---|---|---|---|
| 001 | 33035 | ||
| 003 | BD-RjUL | ||
| 005 | 20211209051933.0 | ||
| 008 | 181029s1938 nyua 000 0 eng | ||
| 035 | _a(BD-RjUL)33125 | ||
| 040 |
_aDLC _cMeWC _dBD-RjUL _beng |
||
| 041 | _aeng | ||
| 082 | 0 | 0 |
_a181.112 _bCRM 1938 _223 |
| 100 | 1 |
_aCrow, Carl, _d1883-1945. _9100385 |
|
| 245 | 1 | 0 |
_aMaster Kung : _bthe story of Confucius / _cby Carl Crow. |
| 250 | _a2nd ed. | ||
| 260 |
_aNew York and London : _bHarper & brothers, _c1938 |
||
| 300 |
_a344 p. : _bill. ; _c24 cm. |
||
| 500 | _a"Illustrated" | ||
| 650 | 0 |
_aConfucius and Confucianism. _994942 |
|
| 942 |
_2ddc _cBK |
||
| 999 |
_c33035 _d33035 |
||